Normal view
MARC view
- SMITH, GLENN E,ROEBER, EDWARD C,WALZ, GARRY R
Entry Personal Name
001 - CONTROL NUMBER
- control field: 77099
003 - CONTROL NUMBER IDENTIFIER
- control field: NUST
005 - DATE AND TIME OF LATEST TRANSACTION
- control field: 20210628205816.0
008 - FIXED-LENGTH DATA ELEMENTS
- fixed length control field: 210628|| aca||aabn | a|a d
040 ## - CATALOGING SOURCE
- Original cataloging agency: NUST
- Transcribing agency: NUST
100 ## - HEADING--PERSONAL NAME
- Personal name: SMITH, GLENN E,ROEBER, EDWARD C,WALZ, GARRY R
670 ## - SOURCE DATA FOUND
- Source citation: Work cat.: (NUST): SMITH, GLENN E,ROEBER, EDWARD C,WALZ, GARRY R, A STRATEGY FOR GUIDANCE A POINT OF VIEW AND ITS IMPLICATION, 1969
